|
|
|
|
| LEADER |
01134nam a2200277 a 4500 |
| 001 |
15972 |
| 003 |
BD-DhAAL |
| 008 |
090709b ii a 000 0 eng d |
| 010 |
|
|
|a \\2002031402
|
| 020 |
|
|
|a 812192622X
|
| 040 |
|
|
|a WOT
|c WOT
|d BD-DhAAL
|
| 082 |
0 |
0 |
|a 813/.54
|
| 245 |
0 |
0 |
|a Outstanding short stories /
|c abridged and simplified by S.E. Paces.
|
| 260 |
|
|
|a New Delhi :
|b S.Chand & Company ;
|a Quarry Bay, Hong Kong :
|b Ling Kee Pub. Co.
|
| 300 |
|
|
|a 138 pages :
|b illustrations ;
|c 23 cm
|
| 490 |
|
0 |
|a Great stories in easy English.
|
| 526 |
|
|
|a EL-Pro
|x Shadia Alam
Senior Manager, Human Resources Department
|
| 541 |
1 |
|
|e 15972
|a Bichitra Library
|
| 650 |
|
0 |
|a Short stories.
|2 gsafd
|
| 650 |
|
0 |
|a Readers.
|
| 700 |
1 |
|
|a Paces, S. E.
|9 173
|
| 830 |
|
|
|a Great stories in easy English
|9 57367
|
| 852 |
4 |
|
|a Ayesha Abed Library
|c General Stacks
|
| 942 |
|
|
|2 ddc
|c BK
|
| 999 |
|
|
|c 2208
|d 2208
|
| 952 |
|
|
|0 0
|1 4
|2 ddc
|4 0
|6 813_540000000000000_OUT
|7 0
|9 2033
|a BRACUL
|b BRACUL
|c GEN
|d 2009-07-09
|e Bichitra Library
|g 135.00
|l 0
|o 813.54 OUT
|p 3010015972
|r 2009-07-09
|t 1
|w 2009-07-09
|y BK
|x Koha Inventory 2020 ; Requisitioned by Shadia Alam, Senior manager, HRD
|